[Event "IND-ch U15"]
[Site "Jammu"]
[Date "2015.09.21"]
[Round "1"]
[White "Saurabh, Anand"]
[Black "Milind, Gauns"]
[Result "1-0"]
[WhiteElo "2168"]
[BlackElo "1425"]
[PlyCount "125"]
[EventDate "2015.09.21"]
[EventType "swiss"]
[EventRounds "11"]
[EventCountry "IND"]
[SourceTitle "EXT 2016"]
[Source "ChessBase"]
[SourceDate "2015.10.08"]
[SourceVersion "1"]
[SourceVersionDate "2015.10.08"]
[SourceQuality "1"]

1. e4 d5 2. exd5 Qxd5 3. Nc3 Qa5 4. Bc4 Nf6 5. d3 c6 6. Bd2 Qc7 7. Nf3 Bg4 8. h3 Bh5 9. Qe2 e6 10. g4 Bg6 11. Ne5 Bd6 12. f4 Nbd7 13. Nxd7 Kxd7 14. Rf1 Rae8 15. Ne4 Nxe4 16. dxe4 f6 17. 0-0-0 Kc8 18. Be3 Bxe4 19. f5 Bd5 20. fxe6 Rxe6 21. Bxd5 cxd5 22. Qf2 b6 23. Rxd5 Rhe8 24. Bd2 Kb7 25. Qf5 g6 26. Qd3 R8e7 27. a4 Bc5 28. Kb1 a5 29. Rd1 Rd6 30. Bxa5 Rxd5 31. Qxd5+ Qc6 32. Bc3 Qxd5 33. Rxd5 Kc6 34. Rd3 f5 35. b4 Be3 36. b5+ Kc7 37. gxf5 gxf5 38. Kb2 f4 39. Bd2 Bxd2 40. Rxd2 Re4 41. Kb3 Re3+ 42. Kb4 Re4+ 43. c4 f3 44. Rf2 Rf4 45. a5 bxa5+ 46. Kxa5 Rxc4 47. Rxf3 h5 48. Rf7+ Kc8 49. Kb6 Re4 50. Rf8+ Kd7 51. Rf3 Kc8 52. Kc6 Rc4+ 53. Kd5 Rb4 54. Kc5 Re4 55. Kb6 Re6+ 56. Ka7 Re7+ 57. Ka6 Re6+ 58. b6 Re8 59. Ka7 Re7+ 60. Ka8 Re1 61. b7+ Kd7 62. b8Q Ra1+ 63. Qa7+ 1-0